Boletn̕ de Actualidad vLex

Detalles Bibliográficos
Formato: eBook
Lenguaje:español
Publicado: Barcelona : Editorial vLex, 2013 -
Materias:
Acceso en línea:Acceso restringido

MARC

LEADER 00000nam a22000007a 4500
005 20131128135150.0
007 cr|||| ||||
008 131128c20139999co |||| s|||| 0||| 1spa d
035 |a 11670 
040 |a vLex 
090 |c 4600  |d 4600 
245 0 0 |a Boletn̕ de Actualidad vLex  |h [Recurso Electrn̤ico] 
256 |a Servicio en ln̕ea 
260 |a Barcelona :  |b Editorial vLex,  |c 2013 - 
300 |a 1 recurso electrn̤ico 
506 1 |a Contenido solo disponible en los productos indicados  |d vLex Global  |d vLex Global (Academic Edition, excluding Law Schools)  |d vLex Global (U.S. Academic Edition, Law Schools)  |d vLex Global (U.S. Academic Edition, excluding Law Schools)  |d vLex Global (Academic Edition, Law Schools) 
650 0 4 |a Derecho civil  |z Colombia 
650 0 4 |a Derecho mercantil  |z Colombia 
650 0 4 |a Derecho Pb︢lico Administrativo  |z Colombia 
740 0 |a vLex Libros (Servicio en ln̕ea) 
856 4 0 |u http://vlex.com/source/boletin-actualidad-vlex-11670  |z Acceso restringido 
942 |c BOOK 
999 0 |a Civil Law 
999 0 |a Commercial law 
999 0 |a Administrative law